Временный план "Барбаросса". Состояние приготовлений на 1 июня 1941 г.

RUSMARC
00003906cbm0a2200289#x 450
0013ec25c11-e549-4d88-8253-b75c3cc3fdc7
00520210819132007.0
100##$a20210818j19410605k###0rusy50 ca
1010#$ager
102##$aDE
105##$ay###z########
1221#$ad19410601##
$ad19410605##
2001#$aВременный план "Барбаросса". Состояние приготовлений на 1 июня 1941 г.
$j5 июня 1941 г.
251##$cДокумент
300##$aПодлинник. На немецком языке
300##$aТакже имеется: Временный план "Барбаросса". Состояние приготовлений на 1 июня 1941 г. [5 июня 1941 г.]. Копия. Перевод на русский язык. Местонахождение: ГА РФ. Ф. Р-7021. Оп. 148. Д. 208. Л. 32-33
605##$2prlib_sh
$3LIBNET\UAF\0000088514
$aВторая мировая война в архивных документах (Комплекс оцифрованных архивных документов, кино- и фотоматериалов)
$lколлекция
6061#$2nlr_sh
$3RU\NLR\AUTH\66129577
$a"Барбаросса", план
$jДокументы и материалы
607##$2prlib_sh
$3LIBNET\UAF\0000096400
$aГермания
$xИстория
$z1940
$jДокументы и материалы
617##$2prlib_sh
$aГермания
$f1941
686##$a63.3(4Гем)62-6ю11
$vLBC/M
$2rubbk
801#0$aRU
$bПБ им. Б.Н. Ельцина
$c20210818
801#1$aRU
$bПБ им. Б.Н. Ельцина
$c20210818
$2rusmarc
801#2$aRU
$bПБ им. Б.Н. Ельцина
$c20210819
$2rusmarc
850##$aФедеральный архив Германии
852##$aФедеральный архив Германии
8564#$nПБ им. Б.Н. Ельцина
$uhttp://readingroom.main.prlib.ru/item.aspx?id_node=n166751712&mode=full
035##$aLIBNET\0001177532
937##$d166751712
$hФедеральное архивное агентство
Формат отображения